000 00338 a2200169 4500
001 189881
020 _a
040 _cMagnum
100 _aCoelho, Paulo
240 1 0 _aO dom supremo
_lpor
245 1 0 _aO dom supremo
300 _a124
362 0 _a2008
440 1 _aGold
697 _aLITERATURA GERAL ESTRANGEIRA
942 _cBK
999 _c189881
_d189881